000 00304nam a2200133Ia 4500
008 100328s9999 xx 000 0 und d
082 _b46250
100 _aसानिया
245 _aवलय
260 _bज्ञानदा
630 _aवलय
730 _aवलय
942 _cBOOK
999 _c534252
_d534249